|
|
|
|
| LEADER |
00918nam a2200301 4500 |
| 001 |
DLU090078855 |
| 005 |
##20090608 |
| 040 |
# |
# |
|a DLU
|b eng
|
| 041 |
# |
# |
|a eng
|
| 044 |
# |
# |
|a JP
|
| 100 |
# |
# |
|a Fujita, Keiko.
|
| 245 |
# |
# |
|a Integral representation for eigenfunctions of the Laplacian /
|c Keiko Fujita, Mitsuo Morimoto.
|
| 653 |
# |
# |
|a Analytic functionals
|
| 653 |
# |
# |
|a Eigenfunctions
|
| 653 |
# |
# |
|a Fourier-Borel transformation
|
| 653 |
# |
# |
|a Integral representation
|
| 653 |
# |
# |
|a Laplacian
|
| 700 |
# |
# |
|a Morimoto, Mitsuo.
|
| 773 |
# |
# |
|t Journal of the Mathematical Society of Japan
|g Vol. 51, no. 3 (July 1999), p. 699-713
|
| 920 |
# |
# |
|a Phòng Tạp chí -- Trung tâm Thông tin - Thư viện Trường Đại học Đà Lạt
|
| 994 |
# |
# |
|a DLU
|
| 900 |
# |
# |
|a True
|
| 911 |
# |
# |
|a Trương Bảo Trâm Anh
|
| 925 |
# |
# |
|a G
|
| 926 |
# |
# |
|a A
|
| 927 |
# |
# |
|a BB
|
| 980 |
# |
# |
|a Thư viện Trường Đại học Đà Lạt
|